|
|
|
|
| LEADER |
00000nam0a2200000 4500 |
| 001 |
261764 |
| 005 |
20231101233607.0 |
| 010 |
|
|
|a 5010018306
|
| 035 |
|
|
|a (RuTPU)RU\TPU\book\284745
|
| 090 |
|
|
|a 261764
|
| 100 |
|
|
|a 20140527d1988 km y0rusy50 ca
|
| 101 |
0 |
|
|a rus
|
| 102 |
|
|
|a RU
|
| 105 |
|
|
|a y z 000zb
|
| 200 |
1 |
|
|a Американцы пишут Горбачеву
|f под ред. В. Е. Качанова; авт. предисл. В. Коротич, С. Коэн
|
| 210 |
|
|
|a Москва
|c Прогресс
|d 1988
|
| 215 |
|
|
|a 360 с.
|
| 600 |
|
1 |
|a Горбачев
|g Михаил Сергеевич
|c генеральный секретарь ЦК КПСС
|f 1931-
|c 1-й и последний президент СССР
|b М. С.
|2 stltpush
|3 (RuTPU)RU\TPU\pers\1057
|
| 606 |
1 |
|
|a Российско-Американские отношения
|x Внешняя политика
|z 21 в.
|2 stltpush
|3 (RuTPU)RU\TPU\subj\71823
|9 85561
|
| 610 |
1 |
|
|a международные отношения
|
| 610 |
1 |
|
|a СССР
|
| 610 |
1 |
|
|a США
|
| 610 |
1 |
|
|a 20 век
|
| 610 |
1 |
|
|a письма
|
| 686 |
|
|
|a Ф4(2)9(7)
|v LBC/SL-A
|2 rubbk
|
| 702 |
|
1 |
|a Качанов
|b В. Е.
|4 340
|
| 702 |
|
1 |
|a Коротич
|b В.
|4 080
|
| 702 |
|
1 |
|a Коэн
|b С.
|4 080
|
| 801 |
|
1 |
|a RU
|b 63413507
|c 20140527
|
| 801 |
|
2 |
|a RU
|b 63413507
|c 20160606
|g RCR
|
| 942 |
|
|
|c BK
|